VIII Conferencia Latinoamericana : Memoria /

Guardado en:
Autores Corporativos: Conferencia Latinoamericana Educación Agrícola Superior México), Asociación Latinoamericana de Educación Agrícola Superior., Asociación Mexicana de Educación Agrícola Superior.
Formato: Libro
Idioma:Spanish
Publicado: [México, 1985]
Etiquetas: Agregar Etiqueta
Sin Etiquetas, Sea el primero en etiquetar este registro!
LEADER 00689nam a22001575a 4500
001 EEA.libagro005495
005 20180626120930.0
008 130809s1985####mx############100#0#spa#d
082 0 4 |a 630.7118 
111 2 |a Conferencia Latinoamericana Educación Agrícola Superior  |n (8 :  |d Mayo 6-10 de 1985 :  |c México) 
245 1 0 |a VIII Conferencia Latinoamericana :  |b Memoria /  |c Asociación Latinoamericana de Educación Agrícola Superior. 
260 |a [México,  |c 1985] 
300 |a 285 p. ;  |c 22 cm. 
710 2 |a Asociación Latinoamericana de Educación Agrícola Superior. 
710 2 |a Asociación Mexicana de Educación Agrícola Superior. 
859 |a AR-BbBCA  |b BIB. AGRONOMIA  |h 630.7118  |i C748 8 1985  |p 1996/2809